Constitución y justicia social
保存先:
| 第一著者: | |
|---|---|
| フォーマット: | 図書 |
| 言語: | スペイン語 |
| 出版事項: |
Madrid
Consejo General del Poder Judicial
2003
|
| シリーズ: | Cuadernos de Derecho Judicial
|
| 主題: | |
| タグ: |
タグ追加
タグなし, このレコードへの初めてのタグを付けませんか!
|
MARC
| LEADER | 00000nam a2200000 a 4500 | ||
|---|---|---|---|
| 001 | UCJ1497 | ||
| 003 | CL-VaPUC | ||
| 008 | 061020e20030000SP |||||||||||||||||spa|d | ||
| 020 | |a 8496228207 | ||
| 082 | 0 | 4 | |a 344.4601 |b SOU |2 21 |
| 100 | 0 | |a Souto Prieto, Jesús |e author |9 502188 | |
| 245 | 1 | 0 | |a Constitución y justicia social |
| 300 | |a 329 p | ||
| 942 | |c BK | ||
| 945 | |d 20061020 00:00:00 |a jtorresc | ||
| 260 | |a Madrid |b Consejo General del Poder Judicial |c 2003 | ||
| 650 | 0 | |a Justicia social |9 314874 | |
| 650 | 7 | |a CESACION LABORAL |2 CL-VaPUC |9 502189 | |
| 650 | 0 | |a Trabajo y empleo |9 315054 | |
| 650 | 7 | |a DERECHO LABORAL |2 CL-VaPUC |9 15 | |
| 651 | 7 | |a GALICIA |2 CL-VaPUC |9 319581 | |
| 651 | 0 | |a España |9 254926 | |
| 583 | |a last modification |c 20061020 00:00:00 |k Rodrigo Vera | ||
| 490 | 0 | |a Cuadernos de Derecho Judicial | |
| 999 | |c 318079 |d 318077 | ||
| 952 | |0 0 |1 0 |4 0 |6 344_460100000000000_SOU_2003 |7 0 |8 A |9 395321 |a BIBDER |b BIBDER |d 2019-11-22 |i 425953K |l 1 |m 1 |o 344.4601 SOU 2003 |p 425953K |r 2023-01-25 |s 2020-03-05 |w 2019-11-22 |y BK |k DER | ||